[Event "Asia zt 3.2"]
[Site "Dhaka"]
[Date "2023.05.07"]
[Round "6"]
[White "Uddin, Saif"]
[Black "Mohammad, Sagar"]
[Result "0-1"]
[WhiteElo "1913"]
[BlackElo "1968"]
[PlyCount "158"]
[EventDate "2023.05.02"]
[EventType "swiss"]
[EventRounds "9"]
[EventCountry "BAN"]
[SourceTitle "CBM 214 Extra"]
[Source "ChessBase"]
[SourceDate "2023.07.31"]
[SourceVersion "1"]
[SourceVersionDate "2023.07.31"]
[SourceQuality "1"]

1. e4 c5 2. Nf3 e6 3. b3 a6 4. Bb2 d6 5. g3 Nf6 6. Nc3 Be7 7. Bg2 Qc7 8. a4 Nc6 9. 0-0 0-0 10. d3 Bd7 11. Nd2 Nb4 12. g4 h6 13. f4 Nh7 14. Ne2 e5 15. f5 b5 16. Nf3 bxa4 17. bxa4 Rab8 18. Bc1 Qd8 19. Kh1 Ng5 20. Neg1 a5 21. Be3 Nc6 22. c3 Rb2 23. Bc1 Rb7 24. Qe1 Nxf3 25. Nxf3 Bg5 26. Nxg5 hxg5 27. Qe3 f6 28. h4 gxh4 29. Bf3 Be8 30. g5 fxg5 31. Rg1 Nb8 32. Qe2 Nd7 33. Bh5 Nf6 34. Bxe8 Qxe8 35. Bxg5 Qh5 36. Qxh5 Nxh5 37. c4 Rb2 38. Bxh4 Kf7 39. Rab1 Rfb8 40. Rxb2 Rxb2 41. Rg6 Rb1+ 42. Kh2 Rb2+ 43. Kg1 Nf6 44. Be1 Rb3 45. Bxa5 Rxd3 46. Bc7 Nxe4 47. a5 Ra3 48. Rg4 Nf6 49. Rg2 Ne8 50. Bd8 Nf6 51. Rb2 Ne4 52. Rb7+ Kg8 53. Rd7 Nd2 54. Rxd6 Nxc4 55. Rd5 Nxa5 56. Rxe5 Nc6 57. Rd5 Nxd8 58. Rxd8+ Kf7 59. Rc8 Rc3 60. Rc6 c4 61. Kf2 Rc1 62. Ke2 c3 63. Kd3 c2 64. Kd2 Rf1 65. Kxc2 Rxf5 66. Kd3 Re5 67. Kd4 Re1 68. Ra6 Kg8 69. Rb6 Kh7 70. Ra6 g6 71. Kd3 Kh6 72. Kd2 Re5 73. Ra1 g5 74. Rh1+ Kg6 75. Rg1 Kf5 76. Rf1+ Kg4 77. Kd3 Kh3 78. Kd4 Re2 79. Kd3 Re6 0-1

[Event "BAN-chB 47th"]
[Site "Dhaka"]
[Date "2022.10.29"]
[Round "3"]
[White "Uddin, Saif"]
[Black "Zia, Tahsin Tajwar"]
[Result "0-1"]
[WhiteElo "1957"]
[BlackElo "2254"]
[PlyCount "80"]
[EventDate "2022.10.27"]
[EventType "swiss"]
[EventRounds "11"]
[EventCountry "BAN"]
[SourceTitle "EXT 2024"]
[Source "ChessBase"]
[SourceDate "2023.10.10"]
[SourceVersion "1"]
[SourceVersionDate "2023.10.10"]
[SourceQuality "1"]

1. e4 c6 2. d4 d5 3. exd5 cxd5 4. c4 Nf6 5. Nc3 Nc6 6. Nf3 a6 7. Ne5 e6 8. Nxc6 bxc6 9. Be2 Bd6 10. c5 Bc7 11. f4 Ng8 12. b4 Ne7 13. Be3 Nf5 14. Qd3 Bd7 15. g3 h5 16. Bf2 g5 17. fxg5 Qxg5 18. Qd2 Qg7 19. Bf3 Bd8 20. Rd1 Bf6 21. a4 Rb8 22. Kf1 Bg5 23. Qe1 Kf8 24. Ne2 Qf6 25. Nf4 h4 26. Rd3 a5 27. Nh5 Qg6 28. Qe5 Ke7 29. g4 f6 30. Qc7 Rxb4 31. gxf5 Qxf5 32. Ra3 Rb1+ 33. Be1 Rxh5 34. Qxa5 Rh8 35. Qc3 Rhb8 36. Qd3 Qxd3+ 37. Rxd3 Ra1 38. Bd1 Rbb1 39. Ke2 Bc8 40. Bc2 Rb2 0-1

[Event "Dhaka Walton op"]
[Site "Dhaka"]
[Date "2022.04.10"]
[Round "7"]
[White "Md, Sharif Hossain"]
[Black "Uddin, Saif"]
[Result "0-1"]
[WhiteElo "2162"]
[BlackElo "1930"]
[PlyCount "69"]
[EventDate "2022.04.04"]
[EventType "swiss"]
[EventRounds "9"]
[EventCountry "BAN"]
[SourceTitle "CBM 207 Extra"]
[Source "ChessBase"]
[SourceDate "2022.05.31"]
[SourceVersion "1"]
[SourceVersionDate "2022.05.31"]
[SourceQuality "1"]

1. e4 e5 2. Nf3 Nc6 3. d4 exd4 4. Nxd4 d6 5. Nc3 Nf6 6. Nxc6 bxc6 7. Be2 Be7 8. 0-0 0-0 9. Be3 c5 10. f4 Rb8 11. b3 Re8 12. e5 Nd7 13. Bb5 Bf8 14. Qd2 a6 15. Ba4 Re6 16. Rad1 Qh4 17. g3 Qh3 18. Bc6 Rh6 19. Ne4 f6 20. Bd5+ Kh8 21. e6 Nb6 22. Ng5 fxg5 23. fxg5 Bxe6 24. gxh6 Nxd5 25. Bg5 gxh6 26. Bh4 Bg7 27. c4 Bd4+ 28. Kh1 Ne3 29. Bf6+ Kg8 30. Bxd4 cxd4 31. Rfe1 Nxd1 32. Qxd1 Rf8 33. Kg1 c5 34. Qe2 Bd7 35. Qe4 0-1

[Event "Dhaka Walton op"]
[Site "Dhaka"]
[Date "2022.04.09"]
[Round "6"]
[White "Uddin, Saif"]
[Black "Mohammad, Javed"]
[Result "1/2-1/2"]
[WhiteElo "1930"]
[BlackElo "2070"]
[PlyCount "107"]
[EventDate "2022.04.04"]
[EventType "swiss"]
[EventRounds "9"]
[EventCountry "BAN"]
[SourceTitle "CBM 207 Extra"]
[Source "ChessBase"]
[SourceDate "2022.05.31"]
[SourceVersion "1"]
[SourceVersionDate "2022.05.31"]
[SourceQuality "1"]

1. c4 e6 2. g3 d5 3. Bg2 Nf6 4. Nf3 Be7 5. 0-0 0-0 6. b3 c5 7. cxd5 exd5 8. d4 Nc6 9. Bb2 h6 10. Nbd2 Be6 11. dxc5 Bxc5 12. Rc1 Bb6 13. Ne5 Rc8 14. Nd3 Qe7 15. a3 a5 16. b4 Rfd8 17. b5 Nd4 18. Rxc8 Rxc8 19. a4 Bg4 20. Bxd4 Bxd4 21. Nf3 Bb6 22. Nf4 Qc5 23. Ne5 Be6 24. e3 Qc3 25. Qa1 Qxa1 26. Rxa1 d4 27. Nxe6 dxe3 28. fxe3 Bxe3+ 29. Kh1 fxe6 30. Bxb7 Rc5 31. Nf3 Ng4 32. Ne1 Bd4 33. Rb1 Rc4 34. Bf3 Ne3 35. Ng2 Nxg2 36. Kxg2 Rxa4 37. b6 Rb4 38. Rxb4 axb4 39. b7 Be5 40. Bd1 Kf8 41. Kf3 Ke7 42. Ke4 Bd6 43. Kd4 Kf6 44. Ke4 g6 45. Bb3 h5 46. Bd1 h4 47. gxh4 Bxh2 48. Bb3 Bd6 49. Bc2 Bg3 50. Kf3 Bb8 51. Ke4 e5 52. Kd5 g5 53. hxg5+ Kxg5 54. Kc5 1/2-1/2

[Event "Dhaka Walton op"]
[Site "Dhaka"]
[Date "2022.04.08"]
[Round "5"]
[White "Md Jamal, Uddin"]
[Black "Uddin, Saif"]
[Result "0-1"]
[WhiteElo "2106"]
[BlackElo "1930"]
[PlyCount "94"]
[EventDate "2022.04.04"]
[EventType "swiss"]
[EventRounds "9"]
[EventCountry "BAN"]
[SourceTitle "CBM 207 Extra"]
[Source "ChessBase"]
[SourceDate "2022.05.31"]
[SourceVersion "1"]
[SourceVersionDate "2022.05.31"]
[SourceQuality "1"]

1. d4 Nf6 2. Nf3 b5 3. Bf4 Bb7 4. e3 a6 5. c4 bxc4 6. Bxc4 e6 7. Nc3 c5 8. 0-0 d5 9. Bd3 Nbd7 10. Rc1 Be7 11. Ne5 0-0 12. Qf3 Re8 13. Qh3 Nf8 14. b3 Rc8 15. Ne2 Qa5 16. Bb1 cxd4 17. Rxc8 Rxc8 18. Nxd4 Qd2 19. Ndf3 Qb2 20. Nd3 Qa3 21. Be5 Ng6 22. Bb2 Qd6 23. Nde5 Ne4 24. Bd4 f6 25. Nxg6 hxg6 26. Nh4 e5 27. Bb2 f5 28. Nf3 Bf6 29. g4 f4 30. g5 Nxg5 31. Nxg5 Bxg5 32. Qg4 Qf6 33. exf4 Bxf4 34. Bxg6 d4 35. Be4 Qb6 36. Bd5+ Kh8 37. Qh5+ Bh6 38. Bxb7 Qxb7 39. Qxe5 d3 40. Qd6 Rc6 41. Qd8+ Kh7 42. f3 Rg6+ 43. Kh1 Qb5 44. Rg1 Rxg1+ 45. Kxg1 d2 46. Kf2 Qc5+ 47. Ke2 Qc2 0-1

[Event "BAN-chT"]
[Site "Dhaka"]
[Date "2022.03.16"]
[Round "7.2"]
[White "Mollah Abdullah, Al Rakib"]
[Black "Uddin, Saif"]
[Result "1-0"]
[WhiteElo "2415"]
[BlackElo "1924"]
[PlyCount "51"]
[EventDate "2022.03.10"]
[EventType "team-tourn"]
[EventRounds "11"]
[EventCountry "BAN"]
[SourceTitle "CBM 207 Extra"]
[Source "ChessBase"]
[SourceDate "2022.05.31"]
[SourceVersion "1"]
[SourceVersionDate "2022.05.31"]
[SourceQuality "1"]
[WhiteTeam "Bangladesh Police"]
[BlackTeam "Titas CC"]
[WhiteTeamCountry "BAN"]
[BlackTeamCountry "BAN"]

1. d4 Nf6 2. Nf3 d6 3. g3 Bg4 4. Bg2 c6 5. 0-0 Nbd7 6. Nbd2 e5 7. dxe5 dxe5 8. Nc4 Qc7 9. b3 Be6 10. Ne3 h6 11. Bb2 Bc5 12. Qc1 Nd5 13. Nc4 f6 14. Ncd2 a5 15. c4 Nb4 16. Ne4 Be7 17. Nh4 Nf8 18. f4 exf4 19. gxf4 Rg8 20. a3 Na6 21. Qe3 Kf7 22. f5 Bd7 23. Bf3 Nh7 24. Bh5+ g6 25. fxg6+ Kf8 26. Qxh6+ 1-0

[Event "Dhaka Al Mahmud Memorial"]
[Site "Dhaka"]
[Date "2022.02.08"]
[Round "4"]
[White "Uddin, Saif"]
[Black "Israt, Jahan Diba"]
[Result "1-0"]
[WhiteElo "1943"]
[BlackElo "1697"]
[PlyCount "91"]
[EventDate "2022.02.05"]
[EventType "swiss"]
[EventRounds "9"]
[EventCountry "BAN"]
[SourceTitle "CBM 206 Extra"]
[Source "ChessBase"]
[SourceDate "2022.03.31"]
[SourceVersion "1"]
[SourceVersionDate "2022.03.31"]
[SourceQuality "1"]

1. c4 c5 2. g3 e6 3. Bg2 Nf6 4. e3 d5 5. Ne2 Nc6 6. 0-0 Be7 7. cxd5 exd5 8. d4 cxd4 9. Nxd4 0-0 10. Nc3 Be6 11. b3 Bc5 12. Nce2 Qb6 13. Bb2 Ne8 14. Nf4 Nxd4 15. exd4 Be7 16. Bxd5 Nc7 17. Bg2 Rad8 18. Qc2 Bf6 19. Rad1 Bg4 20. Rc1 Ne6 21. Nd5 Nxd4 22. Nxb6 Nxc2 23. Bxf6 gxf6 24. Nd5 Be6 25. Ne7+ Kg7 26. Rxc2 Rd7 27. Nc8 b6 28. Rfc1 Rfd8 29. h4 Bf5 30. Rc3 Be6 31. Kh2 Kh6 32. Bh3 Rd2 33. Rf3 Rxa2 34. Ne7 Bxh3 35. Kxh3 Rdd2 36. Kg2 Re2 37. Nf5+ Kg6 38. Rc8 h5 39. Rg8+ Kh7 40. Rg7+ Kh8 41. Rxf7 Re6 42. Rc3 Re8 43. Rcc7 Ra5 44. Rh7+ Kg8 45. Rcg7+ Kf8 46. Rh8# 1-0

[Event "BAN-chB 46th"]
[Site "Dhaka"]
[Date "2021.12.22"]
[Round "8"]
[White "Asif, Mahmud"]
[Black "Uddin, Saif"]
[Result "1/2-1/2"]
[WhiteElo "1944"]
[BlackElo "1914"]
[PlyCount "22"]
[EventDate "2021.12.15"]
[EventType "swiss"]
[EventRounds "9"]
[EventCountry "BAN"]
[SourceTitle "CBM 206 Extra"]
[Source "ChessBase"]
[SourceDate "2022.03.31"]
[SourceVersion "1"]
[SourceVersionDate "2022.03.31"]
[SourceQuality "1"]

1. d4 d6 2. e4 g6 3. Nc3 Bg7 4. Be3 c6 5. Bc4 Nf6 6. f3 d5 7. exd5 Nxd5 8. Nxd5 cxd5 9. Bb5+ Nd7 10. Qd2 Qb6 11. Bxd7+ Bxd7 1/2-1/2

[Event "Dhaka Sheikh Russel op"]
[Site "Dhaka"]
[Date "2021.10.19"]
[Round "1"]
[White "Uddin, Saif"]
[Black "Zubarev, Alexander2222"]
[Result "0-1"]
[WhiteElo "1902"]
[BlackElo "2395"]
[PlyCount "76"]
[EventDate "2021.10.19"]
[EventType "swiss"]
[EventRounds "9"]
[EventCountry "BAN"]
[SourceTitle "CBM 204 Extra"]
[Source "ChessBase"]
[SourceDate "2021.11.30"]
[SourceVersion "1"]
[SourceVersionDate "2021.11.30"]
[SourceQuality "1"]

1. Nf3 g6 2. c4 Bg7 3. Nc3 c5 4. d4 cxd4 5. Nxd4 Nc6 6. Nc2 d6 7. e4 Bxc3+ 8. bxc3 Nf6 9. f3 Be6 10. Bh6 Rc8 11. Bg7 Rg8 12. Bxf6 exf6 13. Ne3 Qa5 14. Qd2 Ne5 15. Rb1 b6 16. Rb4 Qc5 17. Be2 g5 18. h3 h5 19. h4 gxh4 20. Kf1 h3 21. gxh3 Rg3 22. Kf2 h4 23. Rb5 Qc6 24. Rd1 Rxh3 25. Rg1 Rh2+ 26. Rg2 Rxg2+ 27. Kxg2 Ke7 28. Nd5+ Bxd5 29. Rxd5 Qe8 30. f4 Qg8+ 31. Kf1 h3 32. fxe5 Qg2+ 33. Ke1 h2 34. exf6+ Ke8 35. Rh5 h1R+ 36. Rxh1 Qxh1+ 37. Bf1 Qxe4+ 38. Kd1 Qf3+ 0-1

[Event "Dhaka Sheikh Hasina op"]
[Site "Dhaka"]
[Date "2021.09.25"]
[Round "7"]
[White "Md Sajidul, Haque"]
[Black "Uddin, Saif"]
[Result "0-1"]
[WhiteElo "1740"]
[BlackElo "1885"]
[PlyCount "128"]
[EventDate "2021.09.19"]
[EventType "swiss"]
[EventRounds "9"]
[EventCountry "BAN"]
[SourceTitle "CBM 204 Extra"]
[Source "ChessBase"]
[SourceDate "2021.11.30"]
[SourceVersion "1"]
[SourceVersionDate "2021.11.30"]
[SourceQuality "1"]

1. e4 c5 2. Nf3 Nc6 3. d4 cxd4 4. Nxd4 Nf6 5. Nc3 d6 6. Be2 e5 7. Nb3 Be7 8. Be3 0-0 9. 0-0 Be6 10. f4 exf4 11. Bxf4 Ne5 12. Nd4 Ng6 13. Bg3 Rc8 14. Ndb5 a6 15. Nd4 Qb6 16. a3 d5 17. exd5 Nxd5 18. Bf2 Nxc3 19. bxc3 Bc4 20. Rb1 Bxe2 21. Qxe2 Qc7 22. Rb3 Bd6 23. g3 Rfe8 24. Qf3 b5 25. a4 Ne5 26. Qd5 bxa4 27. Rb7 Qc5 28. Qe4 Qxc3 29. Kh1 Qc4 30. Kg2 g6 31. Kg1 f5 32. Qh4 Rc7 33. Rxc7 Bxc7 34. Re1 Qf7 35. Qf4 a3 36. Nb3 h6 37. Rd1 Ng4 38. Qa4 Nxf2 39. Kxf2 Bb6+ 40. Kg2 Qb7+ 41. Kh3 Qe4 42. Qxe4 Rxe4 43. Rd6 Rb4 44. Rxg6+ Kf7 45. Rd6 a2 46. Rd1 Rxb3 47. cxb3 Bd4 48. Rxd4 a1Q 49. Ra4 Qd1 50. Rb4 Kg6 51. Ra4 Kg5 52. Kg2 Qxb3 53. Rxa6 Qc2+ 54. Kh3 Qd3 55. Ra1 h5 56. Rg1 Qf3 57. Ra1 h4 58. Rg1 Qg4+ 59. Kg2 h3+ 60. Kf2 Qd4+ 61. Kf1 Qd1+ 62. Kf2 Qd4+ 63. Kf1 Qd2 64. g4 f4 0-1

[Event "BAN Games Blitz 9th"]
[Site "Dhaka"]
[Date "2021.04.03"]
[Round "2.8"]
[White "Uddin, Saif"]
[Black "Asaduzzaman, Ahad"]
[Result "1/2-1/2"]
[WhiteElo "1894"]
[BlackElo "1742"]
[PlyCount "49"]
[EventDate "2021.04.03"]
[EventType "swiss (blitz)"]
[EventRounds "9"]
[EventCountry "BAN"]
[SourceTitle "CBM 201 Extra"]
[Source "ChessBase"]
[SourceDate "2021.05.31"]
[SourceVersion "1"]
[SourceVersionDate "2021.05.31"]
[SourceQuality "1"]

1. c4 e5 2. g3 Nf6 3. Bg2 c6 4. Nc3 d5 5. cxd5 cxd5 6. Qb3 Nc6 7. Nxd5 Nd4 8. Nxf6+ Qxf6 9. Qd1 Bf5 10. e4 Be6 11. Nf3 Bg4 12. Qa4+ b5 13. Qa5 Bxf3 14. 0-0 Bxg2 15. Kxg2 Qf3+ 16. Kh3 Bc5 17. a4 0-0 18. d3 Nb3 19. Qc3 Nxa1 20. Qxc5 Nb3 21. Qxe5 Nxc1 22. Rxc1 Qxf2 23. axb5 Rae8 24. Qg5 Re6 25. Rc6 1/2-1/2

[Event "Dhaka Bangabandhu op-A"]
[Site "Dhaka"]
[Date "2021.03.16"]
[Round "8"]
[White "Uddin, Saif"]
[Black "Zia, Tahsin Tajwar"]
[Result "0-1"]
[WhiteElo "1855"]
[BlackElo "2092"]
[PlyCount "148"]
[EventDate "2021.03.09"]
[EventType "swiss"]
[EventRounds "9"]
[EventCountry "BAN"]
[SourceTitle "CBM 201 Extra"]
[Source "ChessBase"]
[SourceDate "2021.05.31"]
[SourceVersion "1"]
[SourceVersionDate "2021.05.31"]
[SourceQuality "1"]

1. Nf3 Nf6 2. b4 e6 3. a3 b6 4. e3 Bb7 5. Bb2 Be7 6. d4 0-0 7. c4 d6 8. Nbd2 Nbd7 9. Qc2 Re8 10. Bd3 c5 11. dxc5 bxc5 12. 0-0 Qc7 13. Rfc1 Nf8 14. b5 e5 15. a4 g6 16. a5 a6 17. b6 Qc6 18. Ne1 Qc8 19. Be2 Qe6 20. Nf1 Rad8 21. f3 Nh5 22. g4 Ng7 23. e4 Bg5 24. Rd1 f5 25. Ng2 f4 26. Rd3 Qe7 27. Qd2 Nfe6 28. Bd1 h5 29. h3 hxg4 30. hxg4 Kf7 31. Ba4 Rh8 32. Rd1 Nd4 33. Ne1 Nge6 34. Nc2 Rh3 35. Bxd4 exd4 36. Qg2 Rdh8 37. R3d2 Bf6 38. Ne1 Ng5 39. Re2 Be5 40. Bc2 Qf8 41. Red2 Qh6 42. Kf2 Ke7 43. Ke2 Qf8 44. Rb1 Qf7 45. Bd3 Qe8 46. Ra2 Ne6 47. Kd1 Qf7 48. Qc2 Ng5 49. Be2 Kd8 50. Rb3 Rh1 51. Kd2 R8h3 52. Rd3 Kc8 53. Qb3 Qh7 54. Rb2 Qh4 55. Qa4 Kd8 56. Qd1 Qf2 57. Kc1 Rxf1 58. Bxf1 Qxf1 59. Qe2 Rh1 60. Qxf1 Rxf1 61. Kd1 Rh1 62. Rf2 Nh3 63. Rb2 Bf6 64. Kd2 Bh4 65. Ng2 Bf2 66. Ke2 Be3 67. Rd1 Rh2 68. Kf1 Ng5 69. Rc2 Nxf3 70. Nxe3 fxe3 71. Rxh2 Nxh2+ 72. Ke2 Bxe4 73. Rg1 Bf3+ 74. Kd3 Nxg4 0-1

[Event "Dhaka Bangabandhu op-A"]
[Site "Dhaka"]
[Date "2021.03.15"]
[Round "7"]
[White "Uddin, Saif"]
[Black "Noshin, Anjum"]
[Result "1-0"]
[WhiteElo "1855"]
[BlackElo "1874"]
[PlyCount "45"]
[EventDate "2021.03.09"]
[EventType "swiss"]
[EventRounds "9"]
[EventCountry "BAN"]
[SourceTitle "CBM 201 Extra"]
[Source "ChessBase"]
[SourceDate "2021.05.31"]
[SourceVersion "1"]
[SourceVersionDate "2021.05.31"]
[SourceQuality "1"]

1. c4 c6 2. e4 d5 3. exd5 cxd5 4. d4 Nf6 5. Nc3 e6 6. Nf3 b6 7. Bg5 Bb7 8. cxd5 Bxd5 9. Bxf6 gxf6 10. Bb5+ Bc6 11. 0-0 Bxb5 12. Nxb5 a6 13. Nc3 Bg7 14. d5 0-0 15. dxe6 fxe6 16. Qb3 Re8 17. Rfe1 Kh8 18. Rxe6 Nd7 19. Rd1 Qc7 20. Rxe8+ Rxe8 21. Qf7 Rd8 22. Nd4 Rf8 23. Qxg7+ 1-0

[Event "Dhaka Bangabandhu op-A"]
[Site "Dhaka"]
[Date "2021.03.11"]
[Round "3"]
[White "Uddin, Saif"]
[Black "Ahmed, Shafiq"]
[Result "0-1"]
[WhiteElo "1855"]
[BlackElo "2153"]
[PlyCount "86"]
[EventDate "2021.03.09"]
[EventType "swiss"]
[EventRounds "9"]
[EventCountry "BAN"]
[SourceTitle "CBM 201 Extra"]
[Source "ChessBase"]
[SourceDate "2021.05.31"]
[SourceVersion "1"]
[SourceVersionDate "2021.05.31"]
[SourceQuality "1"]

1. c4 c6 2. c5 e5 3. Qc2 Qa5 4. Nf3 Bxc5 5. Nxe5 Bxf2+ 6. Kxf2 Qxe5 7. e3 Nf6 8. d4 Ng4+ 9. Kg1 Qe6 10. Qd3 d5 11. h3 Nf6 12. Nc3 0-0 13. Bd2 Nbd7 14. Re1 Re8 15. Bc1 Nf8 16. Rh2 b5 17. g4 b4 18. Ne2 Ne4 19. Nf4 Qd6 20. Bg2 a5 21. Qd1 Ba6 22. h4 Ng6 23. Nh5 Re7 24. Qf3 Rae8 25. Kh1 c5 26. Rg1 c4 27. g5 Bc8 28. Bf1 Rf8 29. Ng3 Nxg3+ 30. Rxg3 f6 31. Bg2 Re4 32. h5 fxg5 33. hxg6 Rxf3 34. gxh7+ Kh8 35. Rxf3 Rh4 36. Rxh4 gxh4 37. Rf4 h3 38. Bf3 Be6 39. e4 dxe4 40. Bxe4 Bd5 41. Kg1 Bxe4 42. Rxe4 Qg3+ 43. Kf1 Qf3+ 0-1

[Event "Asian-ch Seniors 50 zt 3.2"]
[Site "Chess.com INT"]
[Date "2020.07.17"]
[Round "3.2"]
[White "Muhammad, Afzal"]
[Black "Uddin, Saif"]
[Result "0-1"]
[WhiteElo "1450"]
[BlackElo "2118"]
[PlyCount "106"]
[EventDate "2020.07.17"]
[EventType "swiss (blitz)"]
[EventRounds "7"]
[EventCountry "BAN"]
[SourceTitle "EXT 2024"]
[Source "ChessBase"]
[SourceDate "2023.10.10"]
[SourceVersion "1"]
[SourceVersionDate "2023.10.10"]
[SourceQuality "1"]

1. d4 Nf6 2. c4 e6 3. Nc3 Bb4 4. Qc2 0-0 5. a3 Bxc3+ 6. bxc3 d6 7. e4 e5 8. d5 Nbd7 9. Bd3 Nc5 10. Ne2 Nfd7 11. 0-0 f5 12. exf5 Nxd3 13. Qxd3 Nc5 14. Qd1 Bxf5 15. Ng3 Bd3 16. Re1 Bxc4 17. Be3 Nd3 18. Re2 Nf4 19. Rd2 Qg5 20. Bxf4 Qxf4 21. Rb1 b5 22. Nh5 Qg5 23. Ng3 Rf4 24. Nh5 Rf7 25. Ng3 Qh4 26. a4 a6 27. Rb4 Raf8 28. axb5 axb5 29. Rbb2 Qf4 30. Nh5 Qf5 31. Ng3 Qg6 32. f3 h5 33. Kh1 h4 34. Nf1 h3 35. Ne3 Qh5 36. Nxc4 hxg2+ 37. Rxg2 bxc4 38. Rg3 e4 39. Qg1 exf3 40. Rf2 Qxd5 41. Rg5 Qe4 42. Rg4 Qd3 43. h4 Rb8 44. Kh2 Rb1 45. Qg3 Qxc3 46. Ra2 Rb2+ 47. Rxb2 Qxb2+ 48. Kh3 f2 49. Rf4 f1Q+ 50. Rxf1 Rxf1 51. Kg4 Qd4+ 52. Kh5 Rf5+ 53. Kg6 Qf6# 0-1